1215 1467 1700 1168 1253 1323 1288 1304 1687 1803 1254 1878 1934 1550 1800 1549 1751 1095 1249 1572 1440 1300 1030 1101 1246 1587 1361 1424 1432 1767 1283 1247 1332 1486 1606 1084 1954 1775 1989 1702 1781 1735 1753 1435 1132 1416 1518 1450 1005 1432 1994 1658 1900 1931 1309 1122 1921 1230 1016 1858 1869 1564 1938 1236 1951 1555 1184 1891 1646 1972 1454 1043 1951 1048 1941 1115 1179 1195 1694 1060 1100 1588 1829 1368 1299 1429 1433 1127 1747 1350 1081 1496 1145 1378 1123 1484 1054 1508 1550 BCNSPRNW ULIB Ver.6.0+V

เปลี่ยนเป็นภาษาไทย

Change to English
 แสดงรายละเอียดบรรณานุกรม
  กลับหน้าหลัก

Brief Record : Get Marc (ISO 2709) : E-mail record : QR code < ปิดหน้าต่าง
LEADER : 00000nam 2200000uu 4500
001    13399128919
003     ULIB
008    241030s2024||||th 000 0 tha d
020    ^a9780443118906
060 04 ^aQV39^bM894
245 00 ^aMosby s 2024 nursing drug reference /^cLinda Skidmore-Roth
250    ^a37th ed.
260    ^aSt. Louis :^bMosby s, Elsevier^c2024
300    ^ax, 1501, [5] p. ;^bill., ^c19 cm
504    ^aIncludes index
650  2 ^aPharmaceutical Preparations^xadministration & dosage
650  2 ^aDrugs^vhandbooks
700 1  ^aSkidmore-Roth, Linda,^econsultant
945    ^p1377^l0^i011167
999    ^aประนอม เกษจรัล
รายการนี้ยังไม่มีแท็ก
คุณยังไม่ได้ล็อกอิน คุณสามารถมีกิจกรรมร่วมกับเว็บไซต์ได้ แต่ต้องล็อกอินก่อน ::
  ล็อกอิน

รายการสื่อสารสนเทศ

ลำดับที่ ประเภท เลขเรียก/บาร์โค้ด สถานที่ สถานะ
1. วิทยาศาสตร์การแพทย์ และสุขภาพ
หนังสือสำรอง
สถานะ=หนังสือสำรอง
QV39 M894 ฉ.1 
  Barcode: 011167
ห้องสมุดวิทยาเขตสวรรค์ประชารักษ์
►หนังสือทั่วไป
บนชั้น

รายการใกล้เคียง
    หัวเรื่อง [Pharmaceutical Preparations administration & dosage]

BibComment


ยังไม่เคยถูกคอมเมนท์

คอมเมนท์ทรัพยากรรายการนี้
  คอมเมนท์: Mosby s 2024 nur..


 Copyright 2026. Bcnsprnw @Library